[Event "Cardiff Welsh op"]
[Site "Cardiff"]
[Date "2023.04.08"]
[Round "4"]
[White "Wu, Yuxuan1"]
[Black "Gibbs, Dominic V"]
[Result "0-1"]
[WhiteElo "1577"]
[BlackElo "1848"]
[PlyCount "50"]
[EventDate "2023.04.07"]
[EventType "swiss"]
[EventRounds "7"]
[EventCountry "WLS"]
[SourceTitle "EXT 2024"]
[Source "ChessBase"]
[SourceDate "2023.10.10"]
[SourceVersion "1"]
[SourceVersionDate "2023.10.10"]
[SourceQuality "1"]

1. d4 e6 2. c4 f5 3. Bf4 Nf6 4. Nf3 b6 5. h4 Bb7 6. e3 Bb4+ 7. Nc3 c5 8. a3 Bxc3+ 9. bxc3 d6 10. Bd3 Qe7 11. Qc2 Nbd7 12. Bh2 0-0 13. d5 exd5 14. cxd5 Bxd5 15. Bxf5 Ne4 16. Bxd7 Qxd7 17. Rd1 Qe6 18. Ng5 Nxg5 19. hxg5 Bxg2 20. Rg1 Be4 21. Qa4 d5 22. Bf4 Rxf4 23. g6 h6 24. Rxd5 Qxd5 25. exf4 Rd8 0-1

[Event "BCF-chT3E 2223 (4NCL)"]
[Site "England"]
[Date "2023.03.26"]
[Round "8.45"]
[White "Gooding, Ian R"]
[Black "Gibbs, Dominic V"]
[Result "1-0"]
[WhiteElo "1941"]
[BlackElo "1948"]
[PlyCount "53"]
[EventDate "2022.11.05"]
[EventType "team-tourn"]
[EventRounds "11"]
[EventCountry "ENG"]
[SourceTitle "EXT 2024"]
[Source "ChessBase"]
[SourceDate "2023.10.10"]
[SourceVersion "1"]
[SourceVersionDate "2023.10.10"]
[SourceQuality "1"]
[WhiteTeam "Cambridge University II"]
[BlackTeam "Iceni"]
[WhiteTeamCountry "ENG"]
[BlackTeamCountry "ENG"]

1. e4 c5 2. Nf3 d6 3. d4 cxd4 4. Nxd4 Nf6 5. Nc3 Nc6 6. Bg5 e6 7. Qd2 a6 8. f4 Bd7 9. Nf3 Qa5 10. Bd3 Be7 11. 0-0 0-0 12. Rae1 h6 13. Bh4 b5 14. e5 dxe5 15. fxe5 Bc5+ 16. Bf2 Bxf2+ 17. Qxf2 Ng4 18. Qh4 Qb6+ 19. Kh1 Ne3 20. Qe4 Nf5 21. g4 b4 22. gxf5 exf5 23. Nd5 Qa5 24. Nf6+ gxf6 25. Qh4 Nxe5 26. Nxe5 fxe5 27. Qxh6 1-0

[Event "Cambridge op"]
[Site "Cambridge"]
[Date "2023.02.16"]
[Round "3"]
[White "Sefton, Adam"]
[Black "Gibbs, Dominic V"]
[Result "1-0"]
[WhiteElo "1529"]
[BlackElo "1863"]
[PlyCount "63"]
[EventDate "2023.02.15"]
[EventType "swiss"]
[EventRounds "9"]
[EventCountry "ENG"]
[SourceTitle "CBM 212 Extra"]
[Source "ChessBase"]
[SourceDate "2023.03.31"]
[SourceVersion "1"]
[SourceVersionDate "2023.03.31"]
[SourceQuality "1"]

1. d4 e6 2. c4 Nf6 3. Nc3 Bb4 4. Qc2 0-0 5. e4 c5 6. d5 Bxc3+ 7. bxc3 e5 8. Bd3 d6 9. Ne2 Nbd7 10. Ng3 Re8 11. Qe2 Nf8 12. h4 Ng6 13. Bg5 Nf4 14. Qd2 Nxd3+ 15. Qxd3 h6 16. Nf5 Bxf5 17. exf5 e4 18. Qe3 Nxd5 19. cxd5 hxg5 20. hxg5 Kf8 21. Rb1 b6 22. Qf4 Ke7 23. Rh7 Kd7 24. Rxg7 Rf8 25. Kd2 Kc8 26. Re1 Rb8 27. Rxe4 Rb7 28. f6 b5 29. Qe3 b4 30. cxb4 cxb4 31. Re7 Rc7 32. Rgxf7 1-0

[Event "Cambridge op"]
[Site "Cambridge"]
[Date "2023.02.15"]
[Round "2"]
[White "Gibbs, Dominic V"]
[Black "Payne, Matthew"]
[Result "0-1"]
[WhiteElo "1863"]
[BlackElo "2104"]
[PlyCount "92"]
[EventDate "2023.02.15"]
[EventType "swiss"]
[EventRounds "9"]
[EventCountry "ENG"]
[SourceTitle "CBM 212 Extra"]
[Source "ChessBase"]
[SourceDate "2023.03.31"]
[SourceVersion "1"]
[SourceVersionDate "2023.03.31"]
[SourceQuality "1"]

1. e4 e6 2. Nf3 d5 3. Nc3 Nf6 4. e5 Nfd7 5. d4 c5 6. Bf4 Nc6 7. dxc5 Bxc5 8. Bd3 h6 9. Qe2 Qe7 10. 0-0 0-0 11. a3 f6 12. exf6 Nxf6 13. Ne5 Nxe5 14. Bxe5 Bd7 15. Nb5 Bxb5 16. Bxb5 Ne4 17. Bg3 Qg5 18. b4 Bb6 19. c4 Rf6 20. c5 Nxg3 21. hxg3 Bc7 22. Bd7 Kf7 23. Rfe1 Qg6 24. Rad1 Kf8 25. Rd3 Rd8 26. Ba4 b6 27. Rf3 e5 28. Rxf6+ Qxf6 29. cxb6 Bxb6 30. Qf3 e4 31. Qxf6+ gxf6 32. Bb3 Ke7 33. Kf1 f5 34. Ke2 d4 35. Rh1 d3+ 36. Ke1 Rc8 37. Rxh6 Rc3 38. Bd1 Rxa3 39. g4 f4 40. Rh3 e3 41. fxe3 fxe3 42. Rh7+ Kd6 43. Rh6+ Ke5 44. Rh5+ Kd4 45. g5 Ra1 46. Rh8 e2 0-1